000 00613nam a22002057a 4500
003 OSt
005 20151029140146.0
008 151029b xxu||||| |||| 00| 0 eng d
020 _a9780415692458
040 _cDDC
082 _a658.4 HAR 2012
100 _aHardman, John
_95922
245 _aLeading for regeneration:
_bgoing beyond sustainability in business, education, and community
260 _aLondon;
_bEarthscan,
_c2012
300 _axviii, 189p;
_bill:
_c24cm
504 _aAppendices, references, & index included
650 _aManagement
_9364
650 _aSustainability
_95923
942 _2z
_cO_SHELF
999 _c2369
_d2369